Kongenitálny glaukóm v rámci syndrómov

Bibliographic Details
Main Authors: Gerinec, Anton, 1947- (Author), Brozmanová, D. (Author)
Format: Article
Language:Slovak

MARC

LEADER 00000nab a2200000ua 4500
001 vtls010803990
003 SK-MaSNL
005 20260303152807.0
008 230222s2001 xo |||||||||||||||||slo|
035 |a (urnnbn)urn:nbn:sk:snk:ar-a065at 
035 |a (uuid)b7bddc1f-83f4-438c-9fac-87ecc27a6e32 
035 |a urn:nbn:sk:snk-ab4wc0 
040 |a SNKBUCL  |b slo  |c SNKBUCL  |e AACR2 
041 0 |a slo 
044 |a xo  |c SK 
100 1 |a Gerinec, Anton,  |d 1947-  |4 aut  |9 113719 
245 1 0 |a Kongenitálny glaukóm v rámci syndrómov  |c A. Gerinec, D. Brozmanová 
700 1 |a Brozmanová, D.  |4 aut  |9 841772 
773 0 |t Transacta ophthalmologica Slovaca  |g Roč. 1, č. 1 (2001), s. 11-16 
954 |a odborná, vedecká literatúra pôvodná (slovenská)  |2 lita 
958 |a OND 
958 |a EUIPO 
958 |a article3 
999 |c 2024929  |d 2026859